| 000 | 00548nam a22001817a 4500 | ||
|---|---|---|---|
| 999 |
_c7217 _d7217 |
||
| 003 | GBCCL | ||
| 005 | 20241126110622.0 | ||
| 008 | 180718b ||||| |||| 00| 0 eng d | ||
| 020 | _a0671619632 | ||
| 040 | _cgbc | ||
| 082 |
_a650 _bMON |
||
| 245 |
_aMoney talks: _bthe 2500 greatest business quotes from Aristotle to DeLorean / _cEdited by Robert W. Kent |
||
| 260 |
_aNew York: _bPocket Books, _c1986 |
||
| 300 |
_aix, 341 p.; _bill., _c21 cm. |
||
| 650 |
_aBusiness _xQuotations, Maxims, etc. _912782 |
||
| 650 |
_aBusiness _912783 |
||
| 942 |
_2ddc _cBK |
||